2024年10月以降に発車メロディを変更した駅 - Statistics

General Stats
  • This quiz has been taken 419 times
    216 since last reset
  • The average score is 44 of 59
Answer Stats
変更年月日 変更駅 % Correct
2024.10.31 東京
95%
2024.10.24 新宿
94%
2024.10.9 横浜
92%
2025.2.13 渋谷
87%
2025.2.19 上野
85%
2025.2.13 秋葉原
84%
2025.2.15 新橋
84%
2025.2.12 池袋
83%
2025.2.13 神田
83%
2025.2.13 有楽町
83%
2025.2.13 大崎
83%
2025.2.12 原宿
81%
2025.2.13 田町
81%
2025.2.26 御徒町
81%
2025.2.12 代々木
80%
2025.2.13 浜松町
80%
2025.2.18 大宮
80%
2025.2.13 目黒
79%
2025.2.13 五反田
79%
2025.2.12 新大久保
78%
2024.11.26 東戸塚
76%
2025.1.28 西日暮里
76%
2024.11.12 新川崎
75%
2024.11.22 武蔵小杉
75%
2024.11.28 戸塚
75%
2024.11.19 保土ケ谷
74%
2025.2.15 中野
74%
2025.2.21 船橋
74%
2024.12.13 鎌倉
72%
2024.12.17 逗子
72%
2025.1.11 吉祥寺
72%
2025.2.21 西船橋
72%
2025.2.26 浦和
72%
2025.2.19
71%
2025.2.21 津田沼
71%
2025.1.8 久里浜
70%
2025.1.10 北鎌倉
70%
2025.2.19 さいたま新都心
70%
2025.2.27 松戸
70%
2025.1.21 府中本町
69%
2025.1.22 北府中
69%
2025.1.28 東所沢
69%
2025.2.14 南千住
68%
2025.2.27 取手
68%
2025.3.5 熱海
68%
2025.1.24 新秋津
67%
2025.2.26 三河島
67%
2025.1.23 新小平
66%
2025.3.4 根府川
66%
2024.11.22 東逗子
65%
2025.2.14 馬喰町
65%
2025.3.3 早川
65%
2025.3.5 湯河原
65%
2025.2.10 西荻窪
64%
2025.3.3 大磯
64%
2025.3.3 鴨宮
64%
2025.2.14 新日本橋
63%
2025.3.4 真鶴
63%
2025.2.21 東船橋
60%
No matching quizzes found
Score Distribution
Percent of People with Each Score
Percentile by Number Answered
Your Score History
You have not taken this quiz since the last reset